000
00343nam a22001457a 4500
020
_a
81-7409-019-3
041
_a
ENG
100
_a
Grewal B.S
245
_a
Higher Engineering Marhematics
250
_a
Thirty fourth edi
260
_a
Delhi
_b
Hindustam offset press
_c
1999
300
_a
962
650
_a
Mathematics
856
_u
Mathematics
999
_c
242
_d
242